000
00310nam a22001457a 4500
003
OSt
005
20160727222344.0
008
160620b xxu||||| |||| 00| 0 eng d
040
_c
Test
100
_9
180
_a
Cricketer, et al
245
_a
C.T.Studd
260
_a
G.B.A.Wec
300
_a
C.T.Studd
942
_2
ddc
_c
BK
999
_c
148
_d
148